রংপুর বিভাগ : ইতিহাস ও প্রত্নসম্পদ / (Record no. 74330)
[ view plain ]
| 000 -LEADER | |
|---|---|
| fixed length control field | 00983nam a2200241 a 4500 |
| 001 - CONTROL NUMBER | |
| control field | 74330 |
| 003 - CONTROL NUMBER IDENTIFIER | |
| rucl marc code | BD-RjUL |
| 005 - DATE AND TIME OF LATEST TRANSACTION | |
| control field | 20211209082534.0 |
| 008 - FIXED-LENGTH DATA ELEMENTS--GENERAL INFORMATION | |
| fixed length control field | 180711s2008 af||| bi|| 001 0 d |
| 020 ## - INTERNATIONAL STANDARD BOOK NUMBER | |
| International Standard Book Number | 9789841108120 |
| Terms of availability | Tk.375.00 |
| 035 ## - SYSTEM CONTROL NUMBER | |
| System control number | (BD-RjUL)74548 |
| 040 ## - CATALOGING SOURCE | |
| Original cataloging agency | BD-RjUL |
| Language of cataloging | eng |
| Transcribing agency | BD-RjUL |
| 041 ## - LANGUAGE CODE | |
| Language code of text/sound track or separate title | ben |
| 082 ## - DEWEY DECIMAL CLASSIFICATION NUMBER | |
| Edition number | 23 |
| Classification number | 954.924 |
| Author mark and year | ALR 2018 |
| 100 1# - MAIN ENTRY--PERSONAL NAME | |
| Personal name | আলম, মো. জাহাঙ্গীর |
| 9 (RLIN) | 221694 |
| 245 10 - TITLE STATEMENT | |
| Title | রংপুর বিভাগ : ইতিহাস ও প্রত্নসম্পদ / |
| Statement of responsibility, etc. | মো. জাহাঙ্গীর আলম, |
| 260 ## - PUBLICATION, DISTRIBUTION, ETC. (IMPRINT) | |
| Place of publication, distribution, etc. | ঢাকা : |
| Name of publisher, distributor, etc. | আহমদ পাব , |
| Date of publication, distribution, etc. | ২০১৮ |
| 300 ## - PHYSICAL DESCRIPTION | |
| Pagination | ২৩২ পৃ. : |
| Illustrations | চিত্র ; |
| Size | ২২ সেমি. |
| 504 ## - BIBLIOGRAPHY, ETC. NOTE | |
| Bibliography, etc | গ্রন্থপঞ্জি সংযোজিত |
| 651 ## - SUBJECT ADDED ENTRY--GEOGRAPHIC NAME | |
| Geographic name | রংপুর |
| Form subdivision | ইতিহাস |
| General subdivision | প্রত্নতত্ত্ব |
| 9 (RLIN) | 203383 |
| Geographic name | Rangpur |
| Form subdivision | History |
| General subdivision | Archaeological heritage |
| 9 (RLIN) | 221695 |
| 942 ## - ADDED ENTRY ELEMENTS (KOHA) | |
| Source of classification or shelving scheme | Dewey Decimal Classification |
| Koha item type | Books |
| Lost status | Source of classification or shelving scheme | Damaged status | Not for loan | Collection code | Permanent Location | Current Location | Shelving location | Date acquired | Source of acquisition | Cost, normal purchase price | Total Checkouts | Full call number | Date last seen | Copy number | Koha item type |
|---|---|---|---|---|---|---|---|---|---|---|---|---|---|---|---|
| Dewey Decimal Classification | Not For Loan | Non-fiction | Central Library, University of Rajshahi | Central Library, University of Rajshahi | Reading Room | 01/07/2018 | Author | 375.00 | B 954.924 ALR 2018 | 11/07/2018 | C-1 | Books | |||
| Dewey Decimal Classification | Non-fiction | Central Library, University of Rajshahi | Central Library, University of Rajshahi | 01/07/2018 | Author | 375.00 | B 954.924 ALR 2018 | 11/07/2018 | C-2 | Books | |||||
| Dewey Decimal Classification | Non-fiction | Central Library, University of Rajshahi | Central Library, University of Rajshahi | 01/07/2018 | Author | 375.00 | B 954.924 ALR 2018 | 11/07/2018 | C-3 | Books | |||||
| Dewey Decimal Classification | Non-fiction | Central Library, University of Rajshahi | Central Library, University of Rajshahi | 01/07/2018 | Author | 375.00 | B 954.924 ALR 2018 | 11/07/2018 | C-4 | Books | |||||
| Dewey Decimal Classification | Non-fiction | Central Library, University of Rajshahi | Central Library, University of Rajshahi | 01/07/2018 | Author | 375.00 | B 954.924 ALR 2018 | 11/07/2018 | C-5 | Books |